000 01312nam0a2200313 4500
001 RU\NLR\bibl\1501531
005 20250616020122.0
021 _aRU
_b2010-17076
_91144
035 _a(nilc)RSL-KNO-004594224
035 _a(NLR Aleph) 001492986
090 _a1773301
_c1773301
100 _a20100312d2010 |||y0rusy50 ca
101 0 _arus
102 _aRU
105 _ay |||||||||
200 1 _aГражданские самолеты ОКБ ОАО "Туполев"
_f[авт.-сост.: А. Затучный и В. Ригмант]
210 _aМосква
_cТуполев
_cТехинформ
_d2010
215 _a107, [1] с., [2] л. цв. ил.
_cцв. ил., портр.
_d29
606 1 _aТУ, самолеты
_92609928
_3RU\NLR\auth\661546486
610 0 _aТранспорт -- Воздушный транспорт -- Авиация -- Самолёты -- Транспортные самолёты -- Пассажирские самолёты -- Сборник информационных материалов
686 _aО535.1я46
_2rubbk
686 _aО535.1
702 1 _aЗатучный
_bА.
_gАлександр
_4220
801 0 _aRU
_bРГБ
_c20100312
_grcr
801 1 _aRU
_bРГБ
_c20100312
801 2 _aRU
_bNLR
_c20100419
_grcr
942 _cBOOK
980 _aNB